| 000 | 00477pab a2200181 454500 | ||
|---|---|---|---|
| 008 | 180718b2006 xxu||||| |||| 00| 0 eng d | ||
| 100 | _aGhanchi, D.A. | ||
| 245 | _aSocial engineering through higher education: pre-emptive investment for peace and justice | ||
| 260 | _c2006 | ||
| 300 | _ap.21-28. | ||
| 362 | _a13 Feb | ||
| 650 | _aJustice | ||
| 650 | _aPeace | ||
| 650 | _aHigher education | ||
| 650 | _aSocial mobility | ||
| 773 | _aUniversity News | ||
| 909 | _a68847 | ||
| 999 |
_c68847 _d68847 |
||